000 00423nam a2200145Ia 4500
003 OSt
005 20260128111256.0
008 211028s2017 xx 000 0 und d
040 _cAIMIT LIBRARY
041 _aeng
100 _aSequeira, Vernon Mark; Godwin, Benny.
_g1516175
_97746
245 _aEtyma of human resource accounting - an eclectric approach /
260 _aMangalore
_bBenny Godwin.
_c2017
942 _2ddc
_cPRO
999 _c219314
_d219314